Регионална библиотека "Любен Каравелов" - Русе

Избранное (Запис номер 351576)

MARC детайли
000 -Лидер
Контролно поле с фиксирана дължина 01368ncm a2200373 c 4500
003 - Код на организацията, давaща контролен номер
Контролно поле BLK
005 - Дата и час на последна редакция
Контролно поле 20240814142846.0
008 - Елементи от данни с фиксирана дължина
fixed length control field 180414b bul |a|er|||| |0| c|bulo|
010 ## - Наследен системен номер
LC control number NOT00003926000
040 ## - Източник на каталожния запис
Идентификатор на билиотеката - собственик на записа BLK
041 ## - Код за език
Код за езика на текст/звукозапис или на отделно заглавие Руски
Код за езика КДБФ Руски
080 ## - УДК
Текстов определител УДК Музика за пиано
УДК код - определител по УДК 786.2
УДК - код + определител 786.2
100 ## - Редна дума - Автор
Автор Бритън, Бенджамин
R(LIN) 387857
139 ## - Редно поле
Редна дума Бриттен, Бенджамин
Авторски знак Бри - Б 81
245 10 - Сведения за заглавието
Заглавие Избранное
Подзаглавни данни Для голоса с фортепиано
Редно поле (дума) Бенджамин Бриттен.
Том Тетр.2
246 11 - Различни форми на заглавието
Паралелно заглавие Selected Works
Подзаглавни данни for voice and piano
254 ## - Сведения за формата на нотното издание
Формат на описваните ноти Ноти
257 ## - Страна на издаване
Страна на създаване/издаване Русия
260 ## - Област на издателските данни
Име на издателя, разпространителя и проч. Музыка
Година на издаване 1966
Място на издаване, разпространение и проч. Москва
300 ## - Физическа характеристика
Страници 79 с.
Размери/Мащаб 29 см
380 ## - Жанр
Жанр Изкуство
500 ## - Общи забележки
Забележка Из цикла "На Этом острове"; Из цикла "Семь сонетов Микеланджело"; Из цикла "Зимние слова"; Из песен Генри Перселла; Народные песни
650 #4 - Допълнително описание по предмет – тема
Основно описание – тема или топоним Пиано - пиеси
9 (RLIN) 291568
653 ## - Ключова дума – ненормативна
Ключова дума пиеси за пиано
653 ## - Ключова дума – ненормативна
Ключова дума вокализи
852 ## - Местоположение
Форматна сигнатура М ІІ 3052
Част 0
Фондова буква Отдел Изкуство - подръчен фонд
Систематично-азбучна сигнатура 786.2/ Б 81
856 4# - Електронен адрес и достъп
Електронен формат pdf - файл
Път до файла /url/
856 4# - Електронен адрес и достъп
Електронен формат pdf - файл
Път до файла /url/
999 ## - СИСТЕМНИ КОНТРОЛНИ НОМЕРА
Koha biblionumber 351576
Koha biblioitemnumber 351576
942 ## - АРТИКУЛИ
Вид на библиотечния материал Нотни издания
Скрит в OPAC Не
Периодичен библиозапис Да
944 ## - СЪЗДАВАНЕ И РЕДАКЦИЯ на ЗАПИСА
Създаване/Редакция Създаване
Дата на регистрацията/редакция 2020-04-05
Служител, извършил регистрацията/редакцията 30550
Статус, дата на статуса Кети Илиева
999 ## - СИСТЕМНИ КОНТРОЛНИ НОМЕРА
Koha biblioitemnumber 351576
999 ## - СИСТЕМНИ КОНТРОЛНИ НОМЕРА
Koha biblioitemnumber 351575
999 ## - СИСТЕМНИ КОНТРОЛНИ НОМЕРА
Koha biblioitemnumber 321375
Наличности
Код за отписване Код за изгубен артикул Източник на класификационната схема Код за повреда Коз за рестрикции Код за отдаване Артикулен № Име на библиотеката - собственик Име на библиотеката, в която се намира в момента Статус (Текущо местоположение) Дата на вписване в системата Местоположение - отдел Цена в лева Инвентарен номер Систематично азбучна сигнатура Баркод Цена в евро Служебен тип на артикула
  Не е изгубен Universal Decimal Classification Не е повреден без рестрикции заемане за дома 759287 Регионална библиотека "Любен Каравелов" Русе Регионална библиотека "Любен Каравелов" Русе Отдел Изкуство - подръчен фонд 2020-04-07 Отдел Изкуство - подръчен фонд 0.77 15294/66 786.2/Б 81 900000002878 0.39 Нотни издания
  Не е изгубен Universal Decimal Classification Не е повреден   ползва се в читалня 769300 Регионална библиотека "Любен Каравелов" Русе Регионална библиотека "Любен Каравелов" Русе Хранилище 2020-05-12 Основен фонд - ползва се само за читалня 0.77 14595/66 Цб М ІІ 3052 900000007015 0.39 Нотни издания
Vip Innovations Ltd, Rousse, Bulgaria 2025